| 000 | 00794nas a2200241 4500 | ||
|---|---|---|---|
| 001 | BR0705416 | ||
| 003 | BR-BrBNA | ||
| 005 | 20231205111156.0 | ||
| 007 | ta | ||
| 008 | 230509b bl.|||p| |||| 00| 00por d | ||
| 040 |
_aBR-BrBNA _bpor _cBiblioteca Nacional de Agricultura |
||
| 041 | _a(Pt) | ||
| 072 | _aL40 | ||
| 100 | 1 | _aVarella, M.H.C. | |
| 100 | 1 | _aPrada, I.L.S. de | |
| 245 | 1 | _aDistância do torus pyloricus a papilla duodeni major e desta à papilla duodeni minor em cães | |
| 650 | _aANATOMIA | ||
| 650 | _aCÃO | ||
| 650 | _aDUODENO | ||
| 773 | 0 |
_tRevista da Faculdade de Medicina Veterinária e Zootecnia da Universidade de São Paulo (Brazil) _xISSN 0303-7525 _g(1983), v. 20(2) p. 123-128 _wBR0705416 |
|
| 909 |
_a202311 _bLúcia _c55 _dLúcia Elande |
||
| 942 |
_2AGRIS _n0 _cANA |
||
| 999 |
_c191137 _d191137 |
||